000 00307 a2200121 4500
001 146844
040 _cEscola São Tomás de Aquino
100 _aPOMPEIA, Raul
240 1 0 _aO Ateneu
_lpor
245 1 0 _aO Ateneu
697 _aCaricaturas, desenho animado, cômico, fotonovelas / Quadrinhos
942 _cBK
999 _c146844
_d146844